Argumentación y normativa dialógica

Kaydedildi:
Detaylı Bibliyografya
Asıl Yazarlar: Walton, Douglas N (Yazar), Krabbe, Erick C (Yazar)
Materyal Türü: Kitap
Dil:İspanyolca
Baskı/Yayın Bilgisi: Lima Palestra 2017
Edisyon:1a. ed
Seri Bilgileri:Derecho y Argumentación, 9
Konular:
Etiketler: Etiketle
Etiket eklenmemiş, İlk siz ekleyin!

MARC

LEADER 00000cam a2200000 a 4500
001 UCC0903
003 CL-VaPUC
008 170908e20170000pe |||||||||||||||||spa|d
020 |a 9786124218804 
082 0 4 |a 340.115  |b WAL  |2 21 
100 0 |a Walton, Douglas N  |e author  |9 594887 
700 0 |a Krabbe, Erick C  |e author  |9 594888 
245 1 0 |a Argumentación y normativa dialógica 
250 |a 1a. ed 
300 |a 280 p 
942 |c BK 
945 |d 20170908 13:53:00  |a arojas 
260 |a Lima  |b Palestra  |c 2017 
650 0 |a Derecho y política  |9 257017 
650 0 |a Filosofía del derecho   |9 255050 
650 0 |a Argumentación   |9 257103 
583 |a last modification  |c 20170908 13:53:00  |k Rodrigo Vera 
490 0 |a Derecho y Argumentación, 9 
999 |c 369556  |d 369554 
952 |0 0  |1 0  |3 erb  |4 0  |6 340_115000000000000_WAL_2017  |7 0  |8 A  |9 485446  |a BIBDER  |b BIBDER  |i 5422728  |o 340.115 WAL 2017  |p 5422728  |r 2023-01-25  |w 2019-11-24  |y BK  |z Catalogado en:20170908  |k DER